MARC

LEADER 00000nam^a2200000^a^4500
001 000143210
005 20250521000000.0
009 20260310095717.645
037 |a Acervo ITESO - Biblioteca 
041 |a ESP 
090 |a CCO. 503 
100 |a Masini Aguilera, José Bernardo  |e (autor) 
245 1 0 |a Clamor de hinchada :  |b análisis del discurso de una barra brava /  |c J.B. Masini Aguilera. 
264 |a Guadalajara, México :  |b edición de autor,  |c 2002 
300 |a 1 disco compacto de computadora 
336 |a datos para computadora  |b cod  |2 rdacontenido 
337 |a computadora  |b c  |2 rdamedio 
338 |a disco de computadora  |b cd  |2 rdasoporte 
502 |a ITESO Tesis de Licenciatura en Ciencias de la Comunicación 
530 |a Existe una edición en formato impreso con el mismo título 
649 |a XX 
650 |a Fans -  |z Guadalajara, Jalisco 
650 |a Fans -  |z México 
650 |a Aficionados Deportivos -  |z Guadalajara, Jalisco 
650 |a Aficionados Deportivos -  |z México 
650 |a Porras -  |z Guadalajara, Jalisco -  |x Tema Principal 
650 |a Porras -  |z México 
650 |a Equipos Deportivos -  |z Guadalajara, Jalisco 
650 |a Equipos Deportivos -  |z México 
650 |a Futbol -  |z Guadalajara, Jalisco -  |x Aspectos Sociales y Culturales -  |x Tema Principal 
650 |a Futbol -  |z México -  |x Aspectos Sociales y Culturales 
650 |a Deportes -  |z Guadalajara, Jalisco -  |x Aspectos Sociales y Culturales 
650 |a Deportes -  |z México -  |x Aspectos Sociales y Culturales 
650 |a Análisis del Discurso 
650 |a Análisis de Contenido 
650 |a Prácticas Culturales -  |z Guadalajara, Jalisco 
650 |a Prácticas Culturales -  |z México 
650 |a Ritos -  |z Guadalajara, Jalisco 
650 |a Ritos -  |z México 
650 |a Antropología Cultural 
650 |a Sociología de la Cultura 
650 |a Sociología de la Comunicación 
910 |a Fondo General 
920 |a Electrónicos - Tesis del ITESO en Disco 
905 |a 202 
901 |a 0500257385  |b IT2  |c STS  |u 20250521 
902 |a https://opac.biblio.iteso.mx/vufind/Record/000143210